Kamus istilah komputer

Bibliographic Details
Main Author: Downing, Douglas
Format: Book
Published: Jakarta : Penerbit Erlangga , 1990
Subjects:

MARC

LEADER 00000cam a2200000 7i4500
001 0000004785
002 000005159
005 20000330.0
020 |a T000000412 
090 0 0 |a 005.03   |b DOW 
100 1 |a Downing, Douglas 
245 1 0 |a Kamus istilah komputer   |c Douglas Downing, Michael Covington 
260 |a Jakarta :   |b Penerbit Erlangga ,   |c 1990 
300 |a 334p. ;   |c 15cm. 
650 0 0 |a Computers   |x Dictionaries 
999 |a 035475   |b BUKU   |c RUJUKAN   |e PERPUSTAKAAN KOMUNITI PETALING JAYA